باب النوم و التنويم / (رقم التسجيلة. 135560)

تفاصيل مارك
000 -الفاتح
عناصر البيانات ثابتة الطول 00822cam a2200217 i 4500
005 - تاريخ ووقت آخر معاملة
حقل ضبط 20251108175510.0
008 - عناصر البيانات ثابتة الطول
عناصر البيانات ثابتة الطول 250721s1994 le gr 000 0 ara d
082 14 - رقم تصنيف ديوي العشري
رقم التصنيف 154.6
رقم المادة ك م ا
100 1# - مدخل رئيسي – اسم شخصي
الاسم الشخصي كمال، علي
علاقة الشخص بالعمل/ دوره مؤلف.
245 10 - بيان العنوان
العنوان باب النوم و التنويم /
بيان المسؤولية الدكتور علي كمال.
250 ## - بيان الطبعة
بيان الطبعة الطبعة الثالة منقحة وموسعة.
264 1# - بيانات النشر، التوزيع…إلخ
مكان النشر، التوزيع...إلخ بيروت :
اسم الناشر، الموزع...إلخ المؤسسة العربية للدراسات والنشر،
تاريخ النشر، التوزيع...إلخ 1994.
300 ## - الوصف المادي
عدد الوحدات المكونة للوعاء 290 صفحة.
490 0# - بيان السلسلة
عنوان السلسلة سلسلة أبواب العقل الموصدة.
650 17 - مدخل إضافي بالموضوع - مصطلح موضوعي
مصطلح موضوعي أو اسم جغرافي كعنصر مدخل النوم.
650 17 - مدخل إضافي بالموضوع - مصطلح موضوعي
مصطلح موضوعي أو اسم جغرافي كعنصر مدخل فسيولوجيا الأعصاب.
650 17 - مدخل إضافي بالموضوع - مصطلح موضوعي
مصطلح موضوعي أو اسم جغرافي كعنصر مدخل الفسيولوجيا.
830 #0 - مدخل إضافي بالسلسلة-عنوان مقنن
عنوان السلسسلة سلسلة أبواب العقل الموصدة.
942 ## - بيانات إضافية (كوها)
نوع التنصيف Dewey Decimal Classification
نوع المادة (كوها) كتب
المقتنيات
حالة السحب حالة الفقدان مصدر التصنيف حالة التلف غير قابل للإعارة المكتبة الرئيسية المكتبة الحالية موقع الرف تاريخ التزويد الرقم المتسلسل Total Checkouts رقم الإستدعاء الباركود تاريخ آخر ظهور تاريخ الفاتورة نوع المادة (كوها)
    Dewey Decimal Classification     المكتبة المركزية المكتبة المركزية الإعارة 28/07/2025 1629959   154.6 / ك م ا PLD00398650 28/07/2025 28/07/2025 كتب
Implemented & Customized by: BBB with SCIT (Smart Chains for Information Technology)

Powered by Koha